000
00254nam a2200109Ia 4500
008
191206s9999 xx 000 0 und d
020
_a
085439298x
090
_a
BR195.W6L24
245
0
_a
Ministers of grace
260
_a
St Paul Pulicaion
260
_c
c1989
999
_c
16500
_d
16500